2025 - Jaaroverzicht - Statistieken

Algemene statistieken
  • Deze quiz is 13 keer genomen
  • De gemiddelde score is 6 van 24
Antwoordstatistieken
Beschrijving Antwoord % Correct
Deze politicus stapt met zijn partij uit de Nederlandse coalitie. Geert Wilders
69%
Dit land legaliseert het homohuwelijk als eerste land in Zuid-Oost-Azië. Thailand
62%
Deze Amerikaanse activist wordt doodgeschoten op een bijeenkomst in Utah. Charlie Kirk
46%
Deze Londense luchthaven sluit enkele dagen de deuren door een grote stroomonderbreking. Heathrow
46%
Dit kleine Europese land legaliseert als 37e land het homohuwelijk. Liechtenstein
46%
Dit bekend museum werd op klaarlichte dag beroofd door amateurdieven. Louvre
46%
Deze sportman wordt in december voor de 1e keer Wereldkampioen in de Formule 1. Lando Norris
38%
Deze razend populaire artieste brengt in oktober haar 12e album uit. Taylor Swift
38%
Deze poolstokspringer verbreekt voor de 13e keer zijn eigen wereldrecord. Armand Duplantis
31%
Deze humanitaire ramp voltrekt zich sinds augustus in Gaza. Hongersnood
31%
Deze paus volgt hem op als eerste Amerikaanse paus. Leo XIV
31%
Dit land won het Eurovisiesongfestival. Oostenrijk
31%
Deze staat wordt door enkele landen formeel erkend op de Algemene Vergadering van de VN. Palestina
31%
Het hoofdpodium van dit wereldberoemd festival brandt twee dagen voor de opening volledig af. Tomorrowland
31%
Deze Duitse stad wordt opgeschrikt door ene auto die inrijdt op een vakbondsbetoging. München
23%
Deze stad in Zuid-Oost-Azië stoot Tokio van de troon als 'Stad met meeste inwoners'. Jakarta
15%
Het Eurovisiesongfestival van 2025 gaat in mei door in deze Zwitserse stad. Bazel
8%
In deze Amerikaanse stad wordt geprotesteerd tegen het optreden van de immigratiedienst ICE. Los Angeles
8%
Deze ex-voetballer, vader van een bekende Belgische voetballer, sterft op 58-jarige leeftijd Roger Lukaku
8%
De Klimaatconferentie van de VN vond in november dit jaar plaats in deze stad. Belem
0%
Dit populaire strand in Sydney wordt opgeschrikt door een dodelijke schietpartij. {Bondi} Beach
0%
Deze paus overlijdt op 88-jarige leeftijd, na12 jaar als paus. Franciscus I
0%
Deze miljoenenstad in het oosten van Congo wordt ingenomen door rebellengroepen. Goma
0%
Deze Filipijnse ex-president wordt gearresteerd op verdenking van misdaden tegen de mensheid. Rodrigo Duterte
0%
Geen overeenkomende quizzen gevonden
Scoreverdeling
Procent van Mensen met Elke Score
Percentiel versus Aantal Correcte Antwoorden
Uw Scoregeschiedenis
U heeft deze quiz nog niet genomen